000 004490000a22001810004500
003 MACL
005 20151229161728.0
008 151229b xxu||||| |||| 00| 0 eng d
040 _aMACL
_cMACL
041 _aEnglish
082 _a294.592/ROY
100 _aRoy, R N
_924247
245 _aThe Bhagavad Gita
_bText and Commentary
260 _bKitab Mahal
_c1981
_aDelhi
350 _a25
650 _aReligion
_924249
942 _cBK
_k294.592/ROY
_2ddc
999 _c33929
_d33929